000 00434cam a22001457a 4500
008 180718b1996 xxu||||| |||| 00| 0 eng d
082 _aLx5411 F/1996-2001
100 _aAssam. Finance Commission
245 _aReport of the Assam Finance Commission, 1996-2001
260 _aGuwahati
_bThe author
_c1996
300 _av.p.
500 _aChairman: M.M. Taimur
650 _aFinance - India - Assam
700 _aTaimur, M.M. (Chairman)
999 _c483827
_d483827